Państwa świata o najwiekszym bezrobociu - Statystyki

Ogólne statystyki
  • Ten quiz został rozwiązany 19 razy
  • Średni wynik to 4 z 8
Statystyki odpowiedzi
Bezrobocie w % Państwo % Poprawnych
51,2 Namibia
65%
95 Zimbabwe
65%
48 Senegal
47%
60 Turkmenistan
47%
77 Burkina Faso
41%
90 Nauru
35%
59 Dżibuti
29%
85 Liberia
29%
Nie znaleziono quizów pasujących do podanych kryteriów
Rozkład punktacji
Procent ludzi z każdym wynikiem
Percentyl według liczby udzielonych odpowiedzi
Twoja historia wyników
Nie rozwiązałeś tego quizu